Cinéma par lettre - C - Statistiques

Statistiques générales
  • Ce quiz a été pris 279 fois
  • Le résultat moyen est 15 sur 20
Statistiques - réponses
Questions Réponses % Correct
Quel film se déroule principalement au sein de la chocolaterie de Willy Wonka ? Charlie et la chocolaterie
98%
Quel film d'animation évoque Flash McQueen, la voiture de course la plus rapide de la Route 66 ? Cars
97%
Quel acteur, légende du cinéma muet, a joué dans "Le Dictateur" et "Les Temps Modernes" ? Charlie Chaplin
95%
Quel film français met en scène Franck Dubosc dans le rôle de Patrick Chirac dans un camping proche de la dune du Pyla ? Camping
92%
Quel acteur français interprète Jacquouille la Fripouille dans "Les Visiteurs" ? Christian Clavier
91%
Quel acteur américain joue dans "Mission Impossible" et "Top Gun" ? Tom Cruise
90%
Quelle actrice française a été révélée dans la série de films "Taxi" puis dans "La Môme" et "Inception" ? Marion Cotillard
86%
Quel personnage de roman d'Edmond Rostand a été interprété par Gérard Depardieu au cinéma? Cyrano de Bergerac
79%
Quel acteur français joue dans "La Haine" mais aussi dans "Black Swan" ? Vincent Cassel
79%
Quel film relate le jeu de séduction entre Christian Grey et Anastasia Steele ? Cinquante nuances de grey
76%
Quel film retrace la vie de Claude François, célèbre chanteur décédé à 39 ans ? Cloclo
74%
Quel acteur américain est principalement connu pour son rôle de Doug Ross dans "Urgences" mais aussi pour son rôle dans "Ocean's eleven" ? George Clooney
74%
Quel acteur américain, également interprète d'un "James Bond" joue dans "Casino Royale" et "Skyfall" ? Daniel Craig
71%
Quel humoriste et acteur français a joué aux côtés de Louis de Funès dans "L'aile ou la cuisse" ? Coluche
69%
Quelle série de films évoque la vie du fils d'un grand champion de boxe, alors grand rival de Rocky Balboa à l'époque? Creed
63%
Quel acteur et réalisateur français joue dans "La Plage" et "Les Petits mouchoirs" ? Guillaume Canet
61%
Quel acteur écossais est connu pour ses rôles dans "James Bond contre Dr No" ainsi que pour "Indiana Jones" ? Sean Connery
55%
Quel film avec Fabrice Eboué et Thomas Ngijol relate le voyage dans le passé de deux demi-frères complètement différents ? Case Départ
45%
Quel film réalisé par Orson Welles en 1941 a pour sujet la vie d'un milliardaire à la vie tumultueuse, retracée par le journaliste Thompson ? Citizen Kane
36%
Quel film met en scène Paul Hogan dans le rôle d'un autochtone du désert australien, ramené aux Etats-Unis par une jeune journaliste américaine ? Crocodile Dundee
23%
Aucun quiz correspondant
Distribution des résultats
% des personnes avec chaque résultat
Percentile par nombre de réponses
Votre historique - résultats
Vous n’avez pas pris ce quiz